Cumandá o un drama entre salvajes /

Guardat en:
Dades bibliogràfiques
Autor principal: Mera, Juan León (autor)
Format: Llibre
Idioma:espanyol
Publicat: Madrid, España : Espasa-Calpe, 1976, c1951
Edició:5a edición
Col·lecció:(Austral ; 1035)
Matèries:
Etiquetes: Afegir etiqueta
Sense etiquetes, Sigues el primer a etiquetar aquest registre!

MARC

LEADER 00000nam^a2200000^a^4500
001 000030555
005 20250521000000.0
009 20260310085006.895
020 |a 84-239-1035-0 
037 |a Acervo ITESO - Biblioteca 
041 |a ESP 
082 |a 808.  |b AUS V. 1035 
100 |a Mera, Juan León  |e (autor) 
245 1 0 |a Cumandá o un drama entre salvajes /  |c J.L. Mera ; semblanza de Alfonso M. Escudero. 
250 |a 5a edición 
264 4 |a Madrid, España :  |b Espasa-Calpe,  |c 1976, c1951 
300 |a 208 p. 
336 |a texto  |b txt  |2 rdacontenido 
337 |a sin mediación  |b n  |2 rdamedio 
338 |a volumen  |b nc  |2 rdasoporte 
440 1 |a (Austral ;  |v 1035) 
649 |a XX 
650 |a Novela Ecuatoriana 
650 |a Literatura Ecuatoriana -  |y Siglo XIX 
650 |a Literatura Indigenista -  |z Ecuador 
910 |a Fondo General 
920 |a Impresos - Libros 
930 |a Colección General 
940 |a Literatura 
905 |a 101 
901 |a 0500020731  |b IT1  |c LIT  |i 030555  |u 20250521 
902 |a https://opac.biblio.iteso.mx/vufind/Record/000030555